| 000 | 00667nam a2200193Ia 4500 | ||
|---|---|---|---|
| 008 | 151119s9999||||xx |||||||||||||| ||und|| | ||
| 082 | _a617 | ||
| 082 | _bGKKV23535 | ||
| 100 | _aगाला ध रा | ||
| 245 | _aनेत्ररक्षा आणि दृष्टीदोष निवारण | ||
| 260 | _a-- | ||
| 260 | _b-- | ||
| 260 | _c0 | ||
| 600 | _aगाला ध रा | ||
| 630 | _aनेत्ररक्षा आणि दृष्टीदोष निवारण | ||
| 700 | _aगाला ध रा | ||
| 730 | _aनेत्ररक्षा आणि दृष्टीदोष निवारण | ||
| 942 | _cBOOK | ||
| 999 |
_c1076175 _d1076172 |
||